000 00448 a2200169 4500
001 74498
020 _a978859800888-6
040 _cAnchieta - Colégio São Paulo
100 _aSilva, André Marcos de Paula e
240 1 0 _aHistória e Cultura Afro-Brasileiras
_lpor
245 1 0 _aHistória e Cultura Afro-Brasileiras
300 _a224
362 0 _a2008
440 1 _aRecord
650 4 _aGrupo por nacioanildade, etinia, raça
942 _cBK
999 _c74498
_d74498